Statistics for Business and Economics / (Record no. 26604)

000 -LEADER
fixed length control field 00625 a2200205 4500
008 - FIXED-LENGTH DATA ELEMENTS--GENERAL INFORMATION
fixed length control field 230621b ||||| |||| 00| 0 eng d
020 ## - INTERNATIONAL STANDARD BOOK NUMBER
International Standard Book Number 9789355730909
Terms of availability Rs1199.00
041 0# - LANGUAGE CODE
Language code of text/sound track or separate title eng
082 00 - DEWEY DECIMAL CLASSIFICATION NUMBER
Classification number 519.5
Item number A5451
245 ## - TITLE STATEMENT
Title Statistics for Business and Economics /
250 ## - EDITION STATEMENT
Edition statement 13th ed.
260 ## - PUBLICATION, DISTRIBUTION, ETC. (IMPRINT)
Place of publication, distribution, etc New Delhi:
Name of publisher, distributor, etc Cengage Learning,
Date of publication, distribution, etc 2022.
300 ## - PHYSICAL DESCRIPTION
Extent xxvii, 1092 p. :
Other physical details ill. ;
Dimensions 26 cm
650 #0 - SUBJECT ADDED ENTRY--TOPICAL TERM
Topical term or geographic name as entry element Statistics
700 ## - ADDED ENTRY--PERSONAL NAME
9 (RLIN) 5499
Personal name Sweeney, Dennis J.
9 (RLIN) 5500
Personal name Williams, Thomas A.
9 (RLIN) 5501
Personal name Camm, Jeffrey D.
9 (RLIN) 5502
Personal name Cochran, James J.
942 ## - ADDED ENTRY ELEMENTS (KOHA)
Source of classification or shelving scheme
Item type Books
Holdings
Withdrawn status Lost status Source of classification or shelving scheme Damaged status Not for loan Permanent location Current location Shelving location Date acquired Source of acquisition Cost, normal purchase price Full call number Barcode Date last seen Cost, replacement price Koha item type
          IMU Kolkata IMU Kolkata Reference 2023-06-21 4 898.65 519.5 A5451 14005 2023-06-21 1199.00 Books
          IMU Kolkata IMU Kolkata   2023-06-21 4 898.65 519.5 A5451 14006 2023-06-21 1199.00 Books
          IMU Kolkata IMU Kolkata   2023-06-21 4 898.65 519.5 A5451 14007 2023-06-21 1199.00 Books
Designed and Maintained by IMU-KC Library, Kolkata Campus © Copyright All Rights Reserved

webs counters

Powered by Koha